期刊信息 |
| 索取号 |
K91/TNGM
|
| 题名 |
THE NATIONAL GEOGRAPHIC MAGAZINE
|
| 作者 |
GILBERT GROSVENOR
|
| 分册号 |
|
| 分册名 |
|
| 出版地 |
WASHINGTON D.C.
|
| 出版者 |
NATIONAL GEOGRAPHIC SOCIETY
|
| 标准刊号 |
|
| 出版频率 |
月刊
|
| 中图法分类 |
K91
|
| 主题词 |
地理 世界
|
| 电子资源 | |
| |
|
| 000 | 00847nas0 2200205 45 | |
| 001 | 0734502640 | |
| 005 | 20070510094720.89 | |
| 011 | @d50.00C(1924) | |
| 100 | @a20070510d km y0chiy0120 ea | |
| 101 | 0 | @aeng |
| 200 | 1 | @aTHE NATIONAL GEOGRAPHIC MAGAZINE@fGILBERT GROSVENOR |
| 207 | @aCOPYRIGHT,1923,BY NATIONAL GEOGRAPHIC SOCIETY ,WASHINGTON,D.C.,IN THE UNITED STATES AND GREAT BRITAIN. | |
| 210 | @aWASHINGTON D.C.@cNATIONAL GEOGRAPHIC SOCIETY | |
| 300 | @aTO carry out the purposes for which it was founded thirty-six years ago,the NATIONAL GEOGRAPHIC SOCIETY publishes this MAGAZINE.All receipts are invested in the MAGAZINE itself or expended directly to promote geographic knowledge. | |
| 326 | @a月刊 | |
| 606 | 0 | @a地理@x世界 |
| 690 | @aK91@v4 | |
| 701 | 0 | @aGILBERT GROSVENOR |
| 801 | 0 | @aCN@bPFT@c20070510 |
| 905 | @aTJWY@dK91@eTNGM | |
| THE NATIONAL GEOGRAPHIC MAGAZINE/GILBERT GROSVENOR.-COPYRIGHT,1923,BY NATIONAL GEOGRAPHIC SOCIETY ,WASHINGTON,D.C.,IN THE UNITED STATES AND GREAT BRITAIN.-WASHINGTON D.C.:NATIONAL GEOGRAPHIC SOCIETY |
| TO carry out the purposes for which it was founded thirty-six years ago,the NATIONAL GEOGRAPHIC SOCIETY publishes this MAGAZINE.All receipts are invested in the MAGAZINE itself or expended directly to promote geographic knowledge. |
| 50.00C(1924) |
| ● |
| 相关链接: |
|
|
|
|